Les 10 dernières sélections du classement FIFA - Statistiques

Statistiques générales
  • Ce quiz a été pris 149 fois
    84 depuis la dernière actualisation
  • Le résultat moyen est 3 sur 10
Statistiques - réponses
classement points sélection % Correct
210 741.61 Saint-Marin
96%
201 840.8 Gibraltar
70%
203 833.01 Liechtenstein
70%
202 835.81 Bahamas
16%
204 822.03 Sri Lanka
16%
205 821.91 Guam
14%
208 807.57 Iles Vierges américaines
11%
209 785.69 Anguilla
9%
206 818.57 Iles Turques et Caïques
8%
207 818.57 Iles Vierges britanniques
8%
Aucun quiz correspondant
Distribution des résultats
% des personnes avec chaque résultat
Percentile par nombre de réponses
Votre historique - résultats
Vous n’avez pas pris ce quiz depuis la dernière actualisation